[Event "ESP-ch U10 Rapid"]
[Site "Salobrena"]
[Date "2022.07.10"]
[Round "7"]
[White "Manrique Garcia, Daniel"]
[Black "Reque Garcia, Marcos"]
[Result "1-0"]
[WhiteElo "1117"]
[BlackElo "1203"]
[PlyCount "67"]
[EventDate "2022.07.09"]
[EventType "swiss (rapid)"]
[EventRounds "9"]
[EventCountry "ESP"]
[SourceTitle "EXT 2023"]
[Source "ChessBase"]
[SourceDate "2022.10.05"]
[SourceVersion "1"]
[SourceVersionDate "2022.10.05"]
[SourceQuality "1"]

1. e4 e5 2. Nf3 Nc6 3. Bc4 Bc5 4. c3 Nf6 5. d4 exd4 6. cxd4 Bb4+ 7. Bd2 Bxd2+ 8. Nbxd2 0-0 9. 0-0 d5 10. exd5 Nxd5 11. Bxd5 Qxd5 12. Qa4 Rd8 13. Rfe1 Be6 14. Nb3 Bg4 15. Nbd2 Nxd4 16. Nxd4 c6 17. N4f3 b5 18. Qxg4 h5 19. Qe4 Qc5 20. Qe3 Qb4 21. Qc3 Qg4 22. h3 Qg6 23. Re3 Rd7 24. Rae1 Kf8 25. Qc5+ Rd6 26. Ne4 Kg8 27. Qxd6 Qf5 28. Neg5 g6 29. Re8+ Rxe8 30. Rxe8+ Kg7 31. Qd4+ Qf6 32. Rg8+ Kxg8 33. Qxf6 a5 34. Qxf7+ 1-0

[Event "ESP-ch U10 Rapid"]
[Site "Salobrena"]
[Date "2022.07.10"]
[Round "9"]
[White "Reque Garcia, Marcos"]
[Black "Ferre Obrados, Climent"]
[Result "1-0"]
[WhiteElo "1203"]
[BlackElo "1169"]
[PlyCount "85"]
[EventDate "2022.07.09"]
[EventType "swiss (rapid)"]
[EventRounds "9"]
[EventCountry "ESP"]
[SourceTitle "EXT 2023"]
[Source "ChessBase"]
[SourceDate "2022.10.05"]
[SourceVersion "1"]
[SourceVersionDate "2022.10.05"]
[SourceQuality "1"]

1. e4 c5 2. Nc3 g6 3. g3 Bg7 4. Bg2 Nc6 5. d3 Nf6 6. Nge2 0-0 7. 0-0 d6 8. f4 Be6 9. Be3 Qb6 10. Rb1 Rfd8 11. f5 Bd7 12. Bf2 gxf5 13. exf5 Bxf5 14. Kh1 d5 15. Na4 Qa5 16. Nxc5 Qxa2 17. Bd4 Bg6 18. Ra1 Qxa1 19. Qxa1 Bh5 20. Bxf6 Bxe2 21. Rf2 Bh5 22. Bxg7 Kxg7 23. b4+ Kg8 24. b5 Nb8 25. Qe1 Nd7 26. Qxe7 Nxc5 27. Qxc5 Re8 28. Qxd5 Re1+ 29. Rf1 Rxf1+ 30. Bxf1 Bg6 31. Qxb7 Re8 32. Qg2 Kg7 33. h4 Rb8 34. Qd5 Re8 35. Bg2 Re1+ 36. Kh2 Re2 37. Qd4+ Kg8 38. Qxa7 Rxc2 39. b6 Bxd3 40. b7 Kg7 41. Qd4+ Kh6 42. Qf4+ Kg6 43. Qg5# 1-0